000 00229nam a2200097Ia 4500
001 642362
005 20250826153525.0
008 250824s9999 xx 000 0 und d
245 0 _aOn İkinci Bilgi
_cJames Redfield
260 _bALTIN
999 _c642362
_d642362